000 00615nam a22002057a 4500
999 _c764
_d764
001 10643
003 BD-DhUAP
005 20200127160442.0
008 200127s2005 ii ||||| |||| 00| 0 eng d
020 _a9848295062
040 _aBD-DhUAP
_bEng
_cBD-DhUAP
_dBD-DhUAP
082 _223
_a323 HUM
245 _aHuman rights and non-state actors /
_cEdited by Mizanur Rahman.
260 _aDhaka :
_bEmpowerment through Law of the Common People,
_c2005.
300 _a309 pages ;
_c24 cm.
650 _aHuman rights
_zBangladesh.
650 _aCivil society
_zBangladesh.
700 _aRahman, Mizanur.
942 _2ddc
_cBK